00791nam a22001937a 4500003000900000008004100009040007100050082001900121100002800140245006100168260003100229300002800260440005200288505019200340650001400532650001800546650001300564700002000577AR-CdUCM190417b ||||| |||| 00| 0 spa d aMUNICIPALIDAD PROVINCIAL DEL CUSCOcBIBLIOTECA MUNICIPAL DEL CUSCO a343.974 /bA67 aPeña y Reyes, Antonio aLa insubsistencia de una convención de reclamaciones / aMéxico :bPorrua,c1971. a214 páginas ;c21 cm. aArchivo histórico diplomático mexicano n26 aContenido : Documentos relativos a la convención celebrada con España en 1853 -- La insubsistencia de la convención -- Apuntes sobre la renovación de tratados y convenciones ...  aTratados  aConvenciones  aHistoria aEstrada, Genaro